Zúčtovacie vzťahy so zamestnancami vo vybranom podniku bakalárska práca

Salvato in:
Dettagli Bibliografici
Autore principale: Meľuchová, Karolína
Ente Autore: Podnikovohospodárska fakulta EU so sídlom v Košiciach. Katedra finančného riadenia podniku
Altri autori: Manová, Eva, 1957-
Natura: Libro
Lingua:slovacco
Pubblicazione: Košice 2020
Tags: Aggiungi Tag
Nessun Tag, puoi essere il primo ad aggiungerne!!

MARC

LEADER 00000nbm a2200000 4500
001 0265342
005 20201208094029.4
041 0 |a slo 
044 |a SK 
245 1 0 |a Zúčtovacie vzťahy so zamestnancami vo vybranom podniku  |b bakalárska práca  |c Karolína Meľuchová ; školiteľ: Eva Manová 
264 1 |a Košice  |c 2020 
300 |a 56 s. 
100 1 |a Meľuchová, Karolína 
700 1 |a Manová, Eva, 1957- 
710 2 |a Podnikovohospodárska fakulta EU so sídlom v Košiciach. Katedra finančného riadenia podniku